000 00387cam a22001217a 4500
008 180718b-- xxu||||| |||| 00| 0 eng d
082 _aA45:W5 IWAI
100 _aIndia. Ministry of Surface Transport. Inland Waterways Authority of India
245 _aAnnual report
260 _aNew Delhi
_bThe author
_c--
500 _aLibrary has 1999/2000
650 _aInland water transportation - India
999 _c488778
_d488778